Зарубежный криминальный роман. [2]: Д. Кризи, Г. Лофлер, Ш. Эксбрайя (Запись № 6373374)

Подробности
000 -МАРКЕР
контрольное поле 01773nam2a22003011 4500
001 - ИДЕНТИФИКАТОР ЗАПИСИ
контрольное поле rc\4485
005 - ИДЕНТИФИКАТОР ВЕРСИИ
контрольное поле 20250620120803.0
010 ## - МЕЖДУНАРОДНЫЙ СТАНДАРТНЫЙ НОМЕР КНИГИ (ISBN)
Номер (ISBN) 5-88594-009-6
Уточнения Ред.-изд. агентство "Милосердие-лит"
Тираж 50000
035 ## - ДРУГИЕ СИСТЕМНЫЕ НОМЕРА
Идентификатор записи (NLR Aleph) 005309702
100 ## - ДАННЫЕ ОБЩЕЙ ОБРАБОТКИ
Данные общей обработки 20021204d1994 |||y0rusy50 ca
101 0# - ЯЗЫК РЕСУРСА
Язык текста, звукозаписи и т.д. русский
102 ## - СТРАНА ПУБЛИКАЦИИ ИЛИ ПРОИЗВОДСТВА
Страна публикации российская федерация
105 ## - ПОЛЕ КОДИРОВАННЫХ ДАННЫХ: ТЕКСТОВЫЕ МАТЕРИАЛЫ, МОНОГРАФИЧЕСКИЕ
Кодированные данные о монографическом текстовом документе a |||||||||
200 1# - ЗАГЛАВИЕ И СВЕДЕНИЯ ОБ ОТВЕТСТВЕННОСТИ
Основное заглавие Д. Кризи, Г. Лофлер, Ш. Эксбрайя
210 ## - ПУБЛИКАЦИЯ, РАСПРОСТРАНЕНИЕ И ДР.
Дата издания, распространения и т.д. Б. г. (1994)
Место издания, распространения и т.д. Б. м.
215 ## - ФИЗИЧЕСКАЯ ХАРАКТЕРИСТИКА
Специфическое обозначение материала и объем 567, [2] с.
Другие сведения о физической характеристике ил.
327 1# - ПРИМЕЧАНИЯ О СОДЕРЖАНИИ
Текст примечания Содерж.: Подошвы из микропорки / Г. Лофлер. Барон и мечи Великого Могола / Д. Кризи. Как вы смеете? / Ш. Эксбрайя
461 #0 - УРОВЕНЬ НАБОРА
Встроенное поле 001rc\4483
-- 2001#$aЗарубежный криминальный роман$e[Сборник$eПеревод$fГл. ред. Саломатов А.В.$gХудож. Феногенов В.И.]$v[2]
Системный номер (АБИС) связанной записи 6373358
Место публикации М.
Дата публикации Б. г.
Первые сведения об ответственности Гл. ред. Саломатов А.В.
Имя издателя, распространителя и т.д. Фирма "Грэгори-пэйдж"
Сведения, относящиеся к заглавию [Сборник : Перевод
Заглавие Зарубежный криминальный роман
Номер тома [2]
464 #0 - АНАЛИТИЧЕСКИЙ УРОВЕНЬ
Встроенное поле 2001#$aПодошвы из микропорки
-- 700#1$aЛофлер$bГ.
Заглавие Подошвы из микропорки
Автор Лофлер, Г.
464 #0 - АНАЛИТИЧЕСКИЙ УРОВЕНЬ
Встроенное поле 2001#$aБарон и мечи Великого Могола
-- 700#1$aКризи$bД.
Заглавие Барон и мечи Великого Могола
Автор Кризи, Д.
464 #0 - АНАЛИТИЧЕСКИЙ УРОВЕНЬ
Встроенное поле 2001#$aКак вы смеете?
-- 700#1$aЭксбрайя$bШ.
Заглавие Как вы смеете?
Автор Эксбрайя, Ш.
701 #1 - ИМЯ ЛИЦА - АЛЬТЕРНАТИВНАЯ ОТВЕТСТВЕННОСТЬ
Начальный элемент ввода Криси
Часть имени, кроме начального элемента ввода Д.
Расширение инициалов личного имени Джон
801 #0 - ИСТОЧНИК ЗАПИСИ
Страна российская федерация
Организация NLR
Правила каталогизации psbo
801 #1 - ИСТОЧНИК ЗАПИСИ
Страна российская федерация
Организация ELAR
Источник данных rusmarc
852 ## - МЕСТОНАХОЖДЕНИЕ И ШИФР ХРАНЕНИЯ
Идентификатор организации NLR
Шифр хранения (Call Number) 94-3/1395
942 ## - ДОПОЛНИТЕЛЬНЫЕ ЭЛЕМЕНТЫ ЗАПИСИ (АБИС)
Тип экземпляра АБИС Книга
980 ## - КОЛЛЕКЦИЯ
Название коллекции Национальная библиография
Экземпляры
Тип экземпляра Дата поступления Библиотека постоянного хранения Библиотека текущего хранения Место хранения Шифр хранения Штрих-код Статус не для выдачи
Книга 26.10.2013 РНБ (Московский) РНБ (Московский) Русский книжный фонд: издания с 1957 года, 8этаж 94-3/1395 5309702-10